Zweitgrößte Städte europäischer Länder - Statistiken

Allgemein
  • Dieses Quiz wurde 133 mal gespielt
  • Das Durchschnittsergebnis liegt bei 16 aus 25
Antwortstatistiken
Hint Antwort Einwohner % Korrekt
Berlin Hamburg 1.892.000
100%
Madrid Barcelona 1.620.000
98%
Paris Marseille 873.000
97%
Lissabon Porto 231.800
97%
Amsterdam Rotterdam 670.600
97%
Rom Mailand 1.372.000
96%
London Birmingham 1.150.000
90%
Brüssel Antwerpen 545.000
83%
Wien Graz 303.000
82%
Zürich Genf 207.000
81%
Oslo Bergen 235.000
77%
Warschau Krakau 800.000
77%
Athen Thessaloniki 325.000
68%
Stockholm Göteborg 605.000
66%
Moskau Sankt Petersburg 5.602.000
62%
Dublin Cork 190.000
57%
Zagreb Split 220.000
57%
Prag Brünn 382.000
53%
Kiew Charkiw 1.471.000
53%
Belgrad Novi Sad 400.000
41%
Budapest Debrecen 201.000
25%
Helsinki Espoo 213.000
24%
Sofia Plovdiv 340.000
16%
Bukarest Timisoara 310.000
12%
Reykjavik Kopavogur 39.800
4%
Keine übereinstimmenden Quizze gefunden
Verteilung der Resultate
Anzahl Personen mit jedem Resultat
Perzentil nach korrekt beantworteten Fragen
Ihre Resultats-Entwicklung
Sie haben dieses Quiz noch nicht gespielt